| 000 | 00319nam a22001217a 4500 | ||
|---|---|---|---|
| 082 | _a220 PRO | ||
| 100 |
_aMEHTAB AHMAD, WASEEM AKRAM _972382 |
||
| 245 | _aPR-SOF-1068-LOW BIT RTE CODING FOR VOIP | ||
| 260 |
_aISLAMABAD _bNUST COLLEGE OF EME _c2011 |
||
| 650 | _aDE-COMP-29 | ||
| 700 |
_aYASIR JAN _972383 |
||
| 942 | _cCR | ||
| 999 |
_c578439 _d578439 |
||